Рассказы: для среднего школьного возраста

Dettagli Bibliografici
Autore principale: Пришвин М. М. Михаил Михайлович
Lingua:russo
Pubblicazione: Чебоксары, Чувашское книжное изд-во, 1981
Serie:Школьная библиотека
Soggetti:
Natura: Libro
KOHA link:https://koha.lib.tpu.ru/cgi-bin/koha/opac-detail.pl?biblionumber=155160

MARC

LEADER 00000nam0a2200000 4500
001 155160
005 20231101221821.0
020 |a RU  |b 81-3069 
035 |a (RuTPU)RU\TPU\book\168314 
090 |a 155160 
100 |a 20090312d1981 d y0rusy5003 ca 
101 0 |a rus 
102 |a RU 
105 |a y z 000ay 
200 1 |a Рассказы  |e для среднего школьного возраста  |f М. М. Пришвин 
210 |a Чебоксары  |c Чувашское книжное изд-во  |d 1981 
215 |a 192 с.  |d 21 см. 
225 1 |a Школьная библиотека 
610 1 |a Природа 
610 1 |a детская литература 
675 |a Р2  |z rus 
700 1 |a Пришвин  |b М. М.  |c русский писатель  |f 1873-1954  |g Михаил Михайлович  |2 stltpush  |3 (RuTPU)RU\TPU\pers\3661  |9 800 
801 0 |a RU  |b RuMRKP  |c 19950704  |g psbo 
801 1 |a RU  |b 63413507  |c 20090312  |g PSBO 
801 2 |a RU  |b 63413507  |c 20090312  |g PSBO 
942 |c BK